| 000 | 00403nam a2200169Ia 4500 | ||
|---|---|---|---|
| 008 | 180921t2019 xxu||||| |||| 00| 1 sin d | ||
| 041 | _asin | ||
| 080 |
_aX8C31 _bDEM |
||
| 100 | _aDe Mel, Surath | ||
| 245 | _aතී හා තා | ||
| 246 | _aThee Ha Tha | ||
| 260 |
_bSarasavi _aNugegoda _c2019 |
||
| 300 | _a392p., 21cm | ||
| 942 | _cBK | ||
| 999 |
_c8758 _d8758 |
||
| 003 | LK-CoDNM | ||
| 040 |
_aLK-CoDNM _dLK-CoDNM _eLK-CoDNM |
||